Tutto quello che avreste voluto sapere

I tiakina i:
Ngā taipitopito rārangi puna kōrero
Kaituhi matua: Arcuri, Italo
Hōputu: Pukapuka
Reo:Ingarihi
Ngā Tūtohu: Tāpirihia he Tūtohu
Kāore He Tūtohu, Me noho koe te mea tuatahi ki te tūtohu i tēnei pūkete!

MARC

LEADER 00000nam a2200000 4500
001 CDOM0000003701
003 mi
005 20250913181624.0
008 250913b |||||||| |||| 00| 0 eng d
040 |c mi 
100 |a Arcuri, Italo 
245 1 |a Tutto quello che avreste voluto sapere  
942 |2 ddc  |c BK 
952 |0 0  |1 0  |2 ddc  |4 0  |7 0  |9 6921  |a MI  |b MI  |d 2009-08-17  |i 5379  |l 0  |p CDOM5379  |r 2025-07-13 16:28:00  |w 2025-07-13  |x Problemi con il numero di inventario che è stato duplicato  |y BK 
999 |c 5648  |d 5648